<?xml version="1.0" encoding="UTF-8"?><?xml-stylesheet type="text/xsl" href="static/style.xsl"?><OAI-PMH xmlns="http://www.openarchives.org/OAI/2.0/" xmlns:xsi="http://www.w3.org/2001/XMLSchema-instance" xsi:schemaLocation="http://www.openarchives.org/OAI/2.0/ http://www.openarchives.org/OAI/2.0/OAI-PMH.xsd"><responseDate>2026-04-17T17:24:09Z</responseDate><request verb="GetRecord" identifier="oai:www.recercat.cat:2445/23750" metadataPrefix="marc">https://recercat.cat/oai/request</request><GetRecord><record><header><identifier>oai:recercat.cat:2445/23750</identifier><datestamp>2025-12-05T05:37:09Z</datestamp><setSpec>com_2072_1057</setSpec><setSpec>col_2072_478857</setSpec><setSpec>col_2072_478917</setSpec></header><metadata><record xmlns="http://www.loc.gov/MARC21/slim" xmlns:dcterms="http://purl.org/dc/terms/" xmlns:xsi="http://www.w3.org/2001/XMLSchema-instance" xmlns:doc="http://www.lyncode.com/xoai" xsi:schemaLocation="http://www.loc.gov/MARC21/slim http://www.loc.gov/standards/marcxml/schema/MARC21slim.xsd">
   <leader>00925njm 22002777a 4500</leader>
   <datafield ind2=" " ind1=" " tag="042">
      <subfield code="a">dc</subfield>
   </datafield>
   <datafield ind2=" " ind1=" " tag="720">
      <subfield code="a">Nash, Mary, 1947-</subfield>
      <subfield code="e">author</subfield>
   </datafield>
   <datafield ind2=" " ind1=" " tag="260">
      <subfield code="c">2012-04-16T09:09:19Z</subfield>
   </datafield>
   <datafield ind2=" " ind1=" " tag="260">
      <subfield code="c">2012-04-16T09:09:19Z</subfield>
   </datafield>
   <datafield ind2=" " ind1=" " tag="260">
      <subfield code="c">1988</subfield>
   </datafield>
   <datafield ind2=" " ind1=" " tag="520">
      <subfield code="a">Este estudio pretende aportar una aproximación a la trayectoria de 10s&#xd;
Women's Studies, 10s estudios en torno a las mujeres, a nivel internacional?&#xd;
Se centra en el análisis de las pautas de desarrollo de estos estudios,&#xd;
su experiencia y estrategias de consolidación en 10s diferentes paises europeos,&#xd;
como también en 10s Estados Unidos. Más deíinidos y normalizados&#xd;
en el mundo anglo-americano inicialmente, 10s estudios en torno a las&#xd;
mujeres se han implantado en 10s diferentes paises europeos a 10 largo de&#xd;
esta última década, aunque con un cierto desfase y un grado de normalización&#xd;
distinta se&amp; cada país. De hecho, la Comisión de la Comunidad&#xd;
Europea apunt6 en su análisis de 10s estudios e investigación de las mujeres&#xd;
en 10s paises miembros de la Comunidad Económica Europea en 1984&#xd;
que el término inglés Women's Studies puede incluso ser equivoco cuando se traslada a Europa...</subfield>
   </datafield>
   <datafield tag="653" ind2=" " ind1=" ">
      <subfield code="a">Història de la dona</subfield>
   </datafield>
   <datafield tag="653" ind2=" " ind1=" ">
      <subfield code="a">Teoria feminista</subfield>
   </datafield>
   <datafield tag="653" ind2=" " ind1=" ">
      <subfield code="a">Women's history</subfield>
   </datafield>
   <datafield tag="653" ind2=" " ind1=" ">
      <subfield code="a">Feminist theory</subfield>
   </datafield>
   <datafield ind2="0" ind1="0" tag="245">
      <subfield code="a">Conceptualización y desarrollo de los estudios en torno a las mujeres: un panorama internacional</subfield>
   </datafield>
</record></metadata></record></GetRecord></OAI-PMH>